<?xml version="1.0" encoding="UTF-8"?>
<collection xmlns="http://www.loc.gov/MARC21/slim">
 <record>
  <leader>01761nam a2200265 a 4500</leader>
  <controlfield tag="001">549013</controlfield>
  <controlfield tag="008">091230s1988    enk           101 0 eng d</controlfield>
  <datafield tag="010" ind1=" " ind2=" ">
   <subfield code="a">   88026008 </subfield>
  </datafield>
  <datafield tag="020" ind1=" " ind2=" ">
   <subfield code="a">0566057255 :</subfield>
   <subfield code="c">$45.00 (U.S.)</subfield>
  </datafield>
  <datafield tag="040" ind1=" " ind2=" ">
   <subfield code="a">DLC</subfield>
   <subfield code="c">DLC</subfield>
   <subfield code="d">DLC</subfield>
   <subfield code="d">BD-DhAAL  </subfield>
  </datafield>
  <datafield tag="082" ind1="0" ind2="0">
   <subfield code="a">305.4/2</subfield>
   <subfield code="2">19</subfield>
  </datafield>
  <datafield tag="245" ind1="0" ind2="0">
   <subfield code="a">Women's struggles and strategies /</subfield>
   <subfield code="c">edited by Saskia Wieringa.</subfield>
  </datafield>
  <datafield tag="260" ind1=" " ind2=" ">
   <subfield code="a">Aldershot [England] ;</subfield>
   <subfield code="a">Brookfield, Vt., USA :</subfield>
   <subfield code="b">Gower,</subfield>
   <subfield code="c">c1988.</subfield>
  </datafield>
  <datafield tag="300" ind1=" " ind2=" ">
   <subfield code="a">viii, 159 p. ;</subfield>
   <subfield code="c">23 cm.</subfield>
  </datafield>
  <datafield tag="500" ind1=" " ind2=" ">
   <subfield code="a">Papers originating from the 1981 Intercongress of the International Union of Anthropological and Ethnological Sciences, held in Amsterdam.</subfield>
  </datafield>
  <datafield tag="504" ind1=" " ind2=" ">
   <subfield code="a">Includes bibliographies and index.</subfield>
  </datafield>
  <datafield tag="541" ind1="1" ind2=" ">
   <subfield code="e">00004320</subfield>
  </datafield>
  <datafield tag="505" ind1="0" ind2=" ">
   <subfield code="a">Introduction / Saskia Wieringa -- Reflections on the anti-rape campaign in Bombay / Chhaya Datar -- Organization and disorganization : a case of women coir workers in Sri Lanka / Carla Risseeuw -- Women in revolt : a historical analysis of the progressive organization of women in Andhra Pradesh / Lalita K. -- Aborted feminism in Indonesia / Saskia Wieringa -- The recent Chilean women's movement / Marta Fuentes -- Feminism in The Netherlands / Petra de Vries -- Emancipation or liberation? / Carla Pasquinelli -- The feminist movement in Peru / Virginia Vargas.</subfield>
  </datafield>
  <datafield tag="650" ind1=" " ind2="0">
   <subfield code="a">Feminism</subfield>
   <subfield code="z">Developing countries</subfield>
   <subfield code="x">Congresses.</subfield>
  </datafield>
  <datafield tag="650" ind1=" " ind2="0">
   <subfield code="a">Feminism</subfield>
   <subfield code="z">Europe</subfield>
   <subfield code="x">Congresses.</subfield>
  </datafield>
  <datafield tag="700" ind1="1" ind2=" ">
   <subfield code="a">Wieringa, Saskia,</subfield>
   <subfield code="d">1950-</subfield>
  </datafield>
  <datafield tag="711" ind1="2" ind2=" ">
   <subfield code="a">IUAES-Intercongress</subfield>
   <subfield code="n">(1st :</subfield>
   <subfield code="d">1981 :</subfield>
   <subfield code="c">Amsterdam, Netherlands)</subfield>
  </datafield>
  <datafield tag="852" ind1="4" ind2=" ">
   <subfield code="a">Ayesha Abed Library </subfield>
   <subfield code="j">General Shelf.</subfield>
  </datafield>
  <datafield tag="999" ind1=" " ind2=" ">
   <subfield code="c">6521</subfield>
   <subfield code="d">6521</subfield>
  </datafield>
  <datafield tag="952" ind1=" " ind2=" ">
   <subfield code="0">0</subfield>
   <subfield code="1">0</subfield>
   <subfield code="2">ddc</subfield>
   <subfield code="4">0</subfield>
   <subfield code="6">305_420000000000000_WOM_1988</subfield>
   <subfield code="7">0</subfield>
   <subfield code="9">6619</subfield>
   <subfield code="a">BRACUL</subfield>
   <subfield code="b">BRACUL</subfield>
   <subfield code="c">GEN</subfield>
   <subfield code="d">2009-12-30</subfield>
   <subfield code="g">0.00</subfield>
   <subfield code="l">0</subfield>
   <subfield code="o">305.42 WOM</subfield>
   <subfield code="p">3010004320</subfield>
   <subfield code="r">2009-12-30</subfield>
   <subfield code="t">1</subfield>
   <subfield code="w">2009-12-30</subfield>
   <subfield code="y">BK</subfield>
   <subfield code="x">No price found in the accession register.</subfield>
  </datafield>
 </record>
</collection>
